000 00497nam a2200169Ia 4500
003 LDD
008 190117s9999 xx 000 0 und d
020 _c₹25
040 _cLDD
041 _ahi
082 _a8H3.7 ला 6666 आ
100 _aलाल, लक्ष्मीनाराण
245 0 _aआनेवाला कल
_cलक्ष्मीनाराण लाल
260 _aनई दिल्ली
_bलिपि
_c1988
300 _a106प्र.
942 _2ddc
_cH
999 _c169038
_d169038